| 000 | 00499nam a2200181Ia 4500 | ||
|---|---|---|---|
| 005 | 20230824112649.0 | ||
| 008 | 131103s9999 xx 000 0 und d | ||
| 040 | _aLoreto College | ||
| 041 | _aEnglish | ||
| 082 |
_a220 _bBIB |
||
| 100 | _aBible.Old and New testaments . Authorized version. | ||
| 245 |
_aHoly Bible _b containing the old and new testaments |
||
| 260 |
_aPhiladelphia _bNational Bible Press _cc 1978 |
||
| 300 | _a1289p. | ||
| 650 | _aBible | ||
| 850 | _aLCLIB | ||
| 942 | _cBK | ||
| 999 |
_c23459 _d73938 |
||